[Event "Municipality Cup"]
[Site "Tbilisi GEO"]
[Date "2009.06.17"]
[Round "3"]
[White "Khurtsidze,N"]
[Black "Gavasheli,A"]
[Result "1/2-1/2"]
[WhiteElo "2424"]
[BlackElo "2202"]

1.d4 d6 2.g3 g6 3.Bg2 Bg7 4.Nf3 Nf6 5.c4 O-O 6.O-O c6 7.Nc3 Nbd7 8.e4 Qc7
9.h3 e5 10.Be3 Re8 11.Qc2 a6 12.dxe5 dxe5 13.c5 Nf8 14.Na4 Be6 15.Nb6 Rad8
16.Bd2 Qe7 17.Ba5 Rb8 18.Rfd1 N6d7 19.Na4 Rbc8 20.Qc3 f5 21.Qb4 fxe4 22.Nd2 Nf6
23.Nxe4 Nxe4 24.Qxe4 Qf7 25.Nc3 Nd7 26.Qe3 Nf6 27.b3 Nd5 28.Qd2 Nxc3 29.Bxc3 Rc7
30.Qb2 Bd5 31.Re1 Bxg2 32.Kxg2 Qd5+ 33.Kg1 Qxc5 34.Re4 Rf7 35.Rae1 Ref8 36.Bb4 Rxf2
37.Bxc5 Rxb2 38.Bxf8 Kxf8 39.R4e2 Rxe2 40.Rxe2 Ke7 41.Kf2 Ke6 42.Ke3 Bf8
43.Rc2 Bb4 44.Ke4 h6 45.g4 Be7 46.Rd2 Bg5 47.Rd1 Be7 48.Rf1 Bg5 49.Rf3 Bf6  1/2-1/2

[Event "VI Moncada Elite"]
[Site "Santiago de Cuba CUB"]
[Date "2009.06.22"]
[Round "8"]
[White "Rasmussen,Kar"]
[Black "Arias,Le"]
[Result "1-0"]
[WhiteElo "2447"]
[BlackElo "2406"]

1.d4 Nf6 2.Nf3 g6 3.c4 Bg7 4.g3 O-O 5.Bg2 d6 6.O-O Nc6 7.Nc3 a6 8.h3 Rb8
9.e4 e5 10.dxe5 dxe5 11.Be3 Be6 12.b3 h6 13.Qc1 Kh7 14.Rd1 Qc8 15.Kh2 Rd8
16.Qb2 Rxd1 17.Rxd1 Qe8 18.Nd5 Nxe4 19.Nxc7 Qe7 20.Nxe6 Qxe6 21.Nd2 Nxd2
22.Qxd2 Rd8 23.Qe2 Re8 24.Bd5 Qe7 25.Qf3 Nd8 26.h4 h5 27.Rd2 f5 28.Bg5 Bf6
29.Bxf6 Qxf6 30.Qe3 Re7 31.Bg8+ Kxg8 32.Rxd8+ Kh7 33.Qg5 Qf7 34.Rd6 Re6 35.c5 Kg7
36.Qd8 Re7 37.c6 bxc6 38.Rxc6 f4 39.Rc8 fxg3+ 40.Kxg3 Qf4+ 41.Kg2 Qg4+ 42.Kf1 Qh3+
43.Ke1 Kf6 44.Qf8+ Ke6 45.Rc6+ Kd5 46.Rxg6 Qc3+ 47.Kf1 Qd3+ 48.Ke1 Qxg6 49.Qxe7  1-0

[Event "Salongernas IM"]
[Site "Stockholm SWE"]
[Date "2009.06.22"]
[Round "6"]
[White "Vul,A"]
[Black "Petkevich,J"]
[Result "1/2-1/2"]
[WhiteElo "2322"]
[BlackElo "2423"]

1.Nf3 Nf6 2.c4 g6 3.g3 Bg7 4.Bg2 d6 5.d4 O-O 6.O-O Nbd7 7.Nc3 e5 8.e4 c6
9.h3 a5 10.Be3 a4 11.Qc2 Qa5 12.Rfd1 exd4 13.Nxd4 Re8 14.Rab1 Qb4 15.b3 axb3
16.axb3 Nc5 17.Bf4 Bf8 18.Bd2 Qb6 19.Be3 Qb4 20.Bd2 Qb6 21.Be3  1/2-1/2

[Event "Open"]
[Site "Albena BUL"]
[Date "2009.06.23"]
[Round "4"]
[White "Petkov,V"]
[Black "Berbatov,K"]
[Result "0-1"]
[WhiteElo "2481"]
[BlackElo "2393"]

1.d4 Nf6 2.c4 g6 3.Nf3 Bg7 4.g3 O-O 5.Bg2 d6 6.O-O Nbd7 7.Nc3 e5 8.h3 c6
9.e4 exd4 10.Nxd4 Re8 11.Re1 Qb6 12.Nb3 Ne5 13.Bf1 Be6 14.Be3 c5 15.Nd5 Bxd5
16.exd5 Ne4 17.Kg2 f5 18.Qc2 Nf7 19.f3 Nxg3 20.Kxg3 Rxe3 21.Rxe3 f4+ 22.Kxf4 Bh6+
23.Kg3 Bxe3 24.Qe4 Bh6 25.f4 a5 26.Rb1 Kf8 27.h4 Re8 28.Qf3 Kg7 29.Bh3 Qb4
30.Be6 a4 31.Nc1 Qe1+ 32.Kh3 Nd8 33.Qc3+ Qxc3+ 34.bxc3 Bxf4 35.Ra1 Nxe6  0-1

[Event "King's Gambit B"]
[Site "Lipetsk RUS"]
[Date "2009.06.24"]
[Round "2"]
[White "Rozanov,P"]
[Black "Morev,I"]
[Result "1/2-1/2"]
[WhiteElo "2306"]
[BlackElo "2266"]

1.d4 Nf6 2.c4 g6 3.g3 Bg7 4.Bg2 d6 5.Nf3 O-O 6.O-O Nbd7 7.Qc2 c6 8.Rd1 d5
9.cxd5 cxd5 10.Bf4 Nb6 11.Nc3 Nh5 12.Bd2 Nc4 13.Be1 e6 14.e4 dxe4 15.Nxe4 Nb6
16.Bb4 Re8 17.Nd6 Nd5 18.Nxe8 Qxe8 19.Bd2 Bd7 20.Rac1 Bc6 21.Ne5 Bxe5 22.dxe5 Ng7
23.Bg5 Qf8 24.Bh6 Qe7 25.Bxg7 Kxg7 26.Qd2 h5 27.Qd4 a6 28.a3 Rh8 29.h4 g5
30.Qc5 Qxc5 31.Rxc5 gxh4 32.gxh4 Rd8 33.Rd4 f6 34.exf6+ Kxf6 35.Bxd5 Bxd5
36.Rd3 Ke5 37.f3 Rf8 38.Rcc3 Rf4 39.Kf2 Rxh4 40.Rc1 Rh2+ 41.Kg3 Rxb2 42.Rh1 b5
43.Rxh5+ Kd6 44.f4 Rg2+ 45.Kh3 Rg1 46.Rg5 Rf1 47.Kg3 a5 48.Rh5 Kc5 49.Rh2 Rg1+
50.Kf2 Rg4 51.Ke3 Rg3+ 52.Kd2 Rg4 53.Ke3 Rg3+ 54.Kd2  1/2-1/2

[Event "Petr Izmailov Mem"]
[Site "Tomsk RUS"]
[Date "2009.06.24"]
[Round "1"]
[White "Ibrayev,N"]
[Black "Ulkhanov,A"]
[Result "1/2-1/2"]
[WhiteElo "2406"]
[BlackElo "2051"]

1.Nf3 Nf6 2.c4 g6 3.d4 Bg7 4.g3 O-O 5.Bg2 d6 6.O-O c5 7.d5 e6 8.Nc3 exd5
9.cxd5 Na6 10.Nd2 Nc7 11.Nc4 Re8 12.Re1 Rb8 13.a4 b6 14.Bf4 Bf8 15.e4 Nh5
16.Be3 a6 17.Bf3 Nf6 18.Bf4 b5 19.Nxd6 Bxd6 20.e5 Ncxd5 21.Nxd5 Nxd5 22.Qxd5 Bb7
23.Qxb7 Rxb7 24.Bxb7 Bb8 25.Bxa6 bxa4 26.Bb5 Re6 27.Rad1 Qb6 28.Bc4 Re7 29.Bg5 Rxe5
30.Rxe5 Bxe5 31.Rd8+ Kg7 32.Rd7 h6 33.Rxf7+ Kh8 34.Rf8+ Kg7  1/2-1/2

[Event "Petr Izmailov Mem"]
[Site "Tomsk RUS"]
[Date "2009.06.24"]
[Round "1"]
[White "Saduakassova,D"]
[Black "Aketayeva,D"]
[Result "1/2-1/2"]
[WhiteElo "1916"]
[BlackElo "2254"]

1.d4 Nf6 2.Nf3 g6 3.c4 Bg7 4.g3 d6 5.Bg2 O-O 6.O-O Nbd7 7.Nc3 c6 8.e4 e5
9.h3 Qc7 10.Be3 a6 11.Qc2 b6 12.Rad1 Bb7 13.b4 exd4 14.Bxd4 Rfe8 15.Nd2 d5
16.exd5 cxd5 17.cxd5 Bxd5 18.Bxd5 Nxd5 19.Bxg7 Kxg7 20.Nde4 N7f6 21.Nxf6 Nxf6
22.Qb3 Qc8 23.Qb2 Kg8 24.Na4 Qc6 25.Qb3 Ne4 26.Rfe1 Ng5 27.Rxe8+ Rxe8 28.Rd5 Re5
29.Rxe5 Nf3+ 30.Kg2 Nxe5+ 31.Kf1 Qh1+ 32.Ke2 Qe4+ 33.Kf1 Nc4 34.Qd1 Qh1+
35.Ke2 Qe4+ 36.Kf1 Qh1+  1/2-1/2

[Event "Petr Izmailov Mem"]
[Site "Tomsk RUS"]
[Date "2009.06.28"]
[Round "5"]
[White "Saduakassova,D"]
[Black "Kozganbayev,E"]
[Result "0-1"]
[WhiteElo "1916"]
[BlackElo "2173"]

1.d4 Nf6 2.Nf3 g6 3.c4 Bg7 4.g3 O-O 5.Bg2 d6 6.O-O c6 7.Nc3 Qa5 8.e4 Qh5
9.Bf4 Bh3 10.e5 dxe5 11.Nxe5 Qf5 12.Qb1 Qc8 13.Be3 Bxg2 14.Kxg2 Ne8 15.Qd3 Nd6
16.Bf4 Rd8 17.Rad1 Qf5 18.Qxf5 Nxf5 19.d5 cxd5 20.Nxd5 Nc6 21.Nd3 e6 22.Ne3 Rd4
23.Nxf5 gxf5 24.Nc5 Rxc4 25.Nxb7 Bxb2 26.Rd7 Ba3 27.Rfd1 Rc8 28.Nd8 Nxd8
29.Rxd8+ Rxd8 30.Rxd8+ Kg7 31.Be5+ f6 32.Rd7+ Kg6 33.Bd4 a6 34.Be3 Ra4 35.Rc7 Bd6
36.Rd7 Be5 37.Bc5 Rxa2 38.Bf8 f4 39.g4 f5 40.Re7 fxg4 41.Rxe6+ Kf5  0-1

[Event "35th ch-BAN Withdrawn"]
[Site "Dhaka BAN"]
[Date "2009.07.01"]
[Round "3"]
[White "Murshed,N"]
[Black "Hasan Md,E"]
[Result "0-1"]
[WhiteElo "2407"]
[BlackElo "2135"]

1.d4 Nf6 2.Nf3 g6 3.c4 Bg7 4.g3 O-O 5.Bg2 d6 6.O-O Nbd7 7.Nc3 c6 8.b3 Rb8
9.a4 a6 10.Qd3 Ne8 11.Be3 Nc7 12.Ne1 e5 13.Rd1 Ne6 14.dxe5 Nxe5 15.Qc2 Ng4
16.Bd2 Nd4 17.Qb1 b5 18.axb5 axb5 19.cxb5 cxb5 20.b4 Re8 21.e3 Bf5 22.Qa2 Be6
23.Bd5 Nc6 24.Qb3 Qg5 25.Bxe6 Rxe6 26.Nd5 Qh5 27.h4 Nce5 28.Nf4 Qf5 29.f3 Rf6
30.e4 Qd7 31.fxg4 Qxg4 32.Neg2 Rc8 33.Rf2 h6 34.Rdf1 g5 35.Nd5 Rxf2 36.Rxf2 Ra8
37.Ne7+ Kh7 38.hxg5 Ra1+ 39.Rf1 Nf3+  0-1

[Event "ZMD Open"]
[Site "Dresden GER"]
[Date "2009.07.01"]
[Round "8"]
[White "Guenther,T"]
[Black "Heinig,Wo"]
[Result "0-1"]
[WhiteElo "2139"]
[BlackElo "2334"]

1.d4 Nf6 2.Nf3 g6 3.c4 Bg7 4.g3 O-O 5.Bg2 d6 6.Nc3 Nbd7 7.e4 e5 8.O-O a6
9.Re1 Rb8 10.Bf1 exd4 11.Nxd4 Re8 12.f3 Ne5 13.h3 Bd7 14.Kh2 c5 15.Nc2 b5
16.Ne3 b4 17.Ncd5 Nc6 18.Rb1 Nd4 19.Bg2 Nxd5 20.Nxd5 Bc6 21.Be3 Qa5 22.Bxd4 Bxd4
23.Qb3 Qd8 24.Qd3 h5 25.f4 h4 26.Re2 Bxd5 27.cxd5 Qf6 28.b3 a5 29.Rf1 hxg3+
30.Qxg3 Kg7 31.Kh1 Qe7 32.Bf3 a4 33.Bg4 axb3 34.axb3 Ra8 35.Qd3 Qh4 36.Kg2 Ra3
37.Bd7 Rea8 38.Bc6 Rxb3 39.Qxb3 Ra3 40.Ba4 c4 41.Qxa3 bxa3 42.Bb5 g5 43.Rf3 gxf4
44.Kh2 c3 45.Bd3 Qh5 46.Rg2+ Kf8  0-1

[Event "Petr Izmailov Mem"]
[Site "Tomsk RUS"]
[Date "2009.07.01"]
[Round "8"]
[White "Maletin,P"]
[Black "Chuprov,D"]
[Result "1/2-1/2"]
[WhiteElo "2559"]
[BlackElo "2561"]

1.d4 Nf6 2.c4 g6 3.Nf3 Bg7 4.g3 O-O 5.Bg2 d6 6.O-O Nbd7 7.Nc3 e5 8.e4 a6
9.Qc2 exd4 10.Nxd4 Re8 11.Rd1 Qe7 12.Bg5 c6 13.Qd2 Nc5 14.Re1 a5 15.Nb3 Ncd7
16.c5 a4 17.cxd6 Qe6 18.e5 Nxe5 19.Nc5 Qf5 20.N3xa4 Be6 21.Bxf6 Bxf6 22.d7 Nxd7
23.Rxe6 Rxe6 24.Nxe6  1/2-1/2

[Event "Intomart GfK Open"]
[Site "Hilversum NED"]
[Date "2009.07.04"]
[Round "8"]
[White "Pavlovic,Milos"]
[Black "Nijboer,F"]
[Result "1/2-1/2"]
[WhiteElo "2511"]
[BlackElo "2562"]

1.d4 Nf6 2.c4 g6 3.Nf3 Bg7 4.g3 O-O 5.Bg2 d6 6.O-O Nc6 7.Nc3 Rb8 8.b3 a6
9.Nd5 Nh5 10.e4 Bg4 11.Bb2 e5 12.h3 Bxf3 13.Bxf3 Nf6 14.Nxf6+ Qxf6 15.d5 Nd4
16.Bxd4 exd4 17.Qd3 c5 18.h4 b5 19.Rab1 Qd8 20.Qd2 f5 21.Kg2 f4 22.h5 Be5
23.Rh1 Qf6 24.Bg4 Kg7 25.hxg6 hxg6 26.Rh4 Qg5 27.Qa5 Qe7  1/2-1/2

[Event "1st WCT GM"]
[Site "Moscow RUS"]
[Date "2009.07.06"]
[Round "3"]
[White "Romanko,M"]
[Black "Filinberg,D"]
[Result "1-0"]
[WhiteElo "2447"]
[BlackElo "2343"]

1.d4 Nf6 2.c4 g6 3.Nf3 Bg7 4.g3 O-O 5.Bg2 d6 6.O-O Nbd7 7.Nc3 e5 8.e4 exd4
9.Nxd4 Re8 10.Re1 c6 11.h3 a5 12.Be3 Nc5 13.Qc2 a4 14.Rab1 Qa5 15.b4 axb3
16.axb3 Na6 17.Ra1 Qc7 18.Qd2 Bd7 19.Rad1 Nc5 20.Bg5 Ra3 21.b4 Ne6 22.Be3 Nxd4
23.Bxd4 Be6 24.c5 dxc5 25.bxc5 Rd8 26.Qc1 Qa5 27.Ne2 Ra4 28.Bc3 Rxd1 29.Qxd1 Qa8
30.Nf4 Rc4 31.Nxe6 Rxc3 32.Nxg7 Kxg7 33.e5 Ne8  1-0

[Event "XXXII Open"]
[Site "Barbera ESP"]
[Date "2009.07.07"]
[Round "4"]
[White "Cruz,Cr"]
[Black "Meera,S"]
[Result "1-0"]
[WhiteElo "2525"]
[BlackElo "2148"]

1.d4 Nf6 2.c4 g6 3.Nf3 Bg7 4.g3 d6 5.Bg2 O-O 6.O-O Nc6 7.Nc3 a6 8.b3 Rb8
9.Nd5 e6 10.Ne3 b5 11.Bb2 Na7 12.Rc1 Bb7 13.d5 c5 14.dxc6 Nxc6 15.Qd2 Ne4
16.Qc2 Bxb2 17.Qxb2 Qf6 18.Qb1 Nc5 19.Rfd1 Rfd8 20.Rd2 Nb4 21.a3 Be4 22.Ng4 Qg7
23.Qb2 Qxb2 24.Rxb2 Bxf3 25.axb4 Bxg2 26.Kxg2 Ne4 27.c5 Rdc8 28.f3 h5 29.Nh6+ Kg7
30.Nxf7 Kxf7 31.fxe4 Kf6 32.Kf3 Ke5 33.Rbc2 Rc6 34.cxd6 Rxc2 35.Rxc2 Rf8+
36.Ke3 Kxd6 37.Ra2 Rc8 38.Kf4 Rf8+ 39.Kg5 Rf2 40.h4 Ke5 41.Rc2 Rg2 42.Rc3 Kd4
43.Rf3 Kxe4 44.Kxg6 Rxe2 45.Rf4+ Kd5 46.Kxh5 e5 47.Rf1 Re3 48.g4 Rxb3 49.g5 Rg3
50.Kg6 e4 51.h5 e3 52.h6 Ke4 53.Rh1  1-0

[Event "37th Greek Teams"]
[Site "Kallithea GRE"]
[Date "2009.07.07"]
[Round "7"]
[White "Tsarouhas,V"]
[Black "Tsekouras,T"]
[Result "0-1"]
[WhiteElo "2221"]
[BlackElo "2216"]

1.d4 Nf6 2.c4 g6 3.Nf3 Bg7 4.g3 O-O 5.Bg2 d6 6.O-O Nbd7 7.Nc3 e5 8.e4 exd4
9.Nxd4 Re8 10.h3 Nc5 11.Re1 a5 12.Nb3 Nxb3 13.axb3 Be6 14.Nb5 Nd7 15.Bf1 Qc8
16.Kh2 b6 17.f4 Nc5 18.Qc2 Bd7 19.Nc3 Bc6 20.Bd2 Bxc3 21.Bxc3 Bxe4 22.Qf2 f6
23.Bxf6 Nxb3 24.Ra3 a4 25.Bc3 c5 26.Rxb3 axb3 27.Qd2 Qc6 28.f5 Bxf5 29.Bg2 Be4
30.Qf4 Bxg2 31.Qf6 Re5 32.Rxe5 dxe5 33.Qxe5 Kf7 34.Qg7+ Ke8 35.Bf6 Qe6  0-1

[Event "37th Greek Teams"]
[Site "Kallithea GRE"]
[Date "2009.07.08"]
[Round "8"]
[White "Grapsa,G"]
[Black "Manolaraki,Y"]
[Result "1/2-1/2"]
[WhiteElo "2083"]
[BlackElo "2073"]

1.d4 Nf6 2.Nf3 g6 3.g3 Bg7 4.Bg2 O-O 5.c4 d6 6.O-O Nc6 7.Nc3 Bf5 8.d5 Na5
9.Nd2 c5 10.h3 Rb8 11.e4 Bd7 12.Qe2 a6 13.Rb1 Ne8 14.Qd3 Nc7 15.f4 b5 16.b3 b4
17.Ne2 Nb7 18.Bb2 a5 19.e5 a4 20.g4 Na6 21.e6 fxe6 22.dxe6 Bxe6 23.f5 gxf5
24.gxf5 Bxb2 25.Rxb2 Bf7 26.Ne4 Nc7 27.Nf4 d5 28.cxd5 Nxd5 29.Qg3+ Kh8 30.Ng6+ Bxg6
31.Qe5+ Nf6 32.fxg6 Qd4+ 33.Qxd4 cxd4 34.Nxf6 exf6 35.Rd2 Nc5 36.Rxd4 hxg6
37.Rff4 axb3 38.axb3 Nxb3 39.Rh4+ Kg8 40.Bd5+ Kg7 41.Bxb3 f5 42.Rxb4 Rxb4
43.Rxb4 g5 44.Kg2 Kf6 45.Rb5 Rd8 46.Rb6+ Kg7 47.Bc4 Rf8 48.Kg3 Rf6 49.Rxf6  1/2-1/2

[Event "8th Open"]
[Site "La Fere FRA"]
[Date "2009.07.09"]
[Round "7"]
[White "Cozette,M"]
[Black "Siauve,J"]
[Result "1-0"]
[WhiteElo "2020"]
[BlackElo "1678"]

1.Nf3 Nf6 2.d4 g6 3.c4 Bg7 4.g3 O-O 5.Bg2 d6 6.O-O Nbd7 7.Nc3 Re8 8.e4 e5
9.Re1 Rb8 10.b3 a6 11.Bb2 b5 12.cxb5 axb5 13.Rc1 exd4 14.Nxd4 Bb7 15.f3 b4
16.Na4 Ba8 17.Qc2 c5 18.Ne2 Bc6 19.Rcd1 Bxa4 20.bxa4 Bf8 21.Nf4 Qc7 22.Bf1 g5
23.Nd5 Nxd5 24.Rxd5 h6 25.f4 f6 26.Bc4 Kg7 27.h4 gxh4 28.gxh4 Nb6 29.Rf5 Be7
30.e5 Rf8 31.exf6+ Bxf6 32.Rxf6 Rxf6 33.Qg2+ Kf8 34.Qg8+  1-0

[Event "XI Open"]
[Site "Torredembarra ESP"]
[Date "2009.07.10"]
[Round "7"]
[White "Rusev,K"]
[Black "Milchev,N"]
[Result "1-0"]
[WhiteElo "2543"]
[BlackElo "2351"]

1.d4 Nf6 2.c4 g6 3.Nf3 Bg7 4.g3 O-O 5.Bg2 d6 6.O-O c6 7.Nc3 Nbd7 8.e4 e5
9.Re1 Qb6 10.d5 cxd5 11.cxd5 Ng4 12.Re2 f5 13.h3 Ngf6 14.Be3 Qd8 15.Ng5 Nb6
16.exf5 gxf5 17.Qb3 Qe7 18.Rc1 Nh5 19.Ne6 Bxe6 20.dxe6 f4 21.Bxb6 axb6 22.Nd5 Qxe6
23.Ne7+ Kf7 24.Bd5  1-0

[Event "1st Artemis Cup"]
[Site "Leros GRE"]
[Date "2009.07.11"]
[Round "1"]
[White "Mchedlishvili,M"]
[Black "Post,Maa"]
[Result "1/2-1/2"]
[WhiteElo "2592"]
[BlackElo "1951"]

1.d4 Nf6 2.Nf3 g6 3.c4 Bg7 4.g3 d6 5.Bg2 O-O 6.O-O Nc6 7.Nc3 Bf5 8.d5 Na5
9.Nd4 Bd7 10.b3 c5 11.Nc2 a6 12.Rb1 b5 13.cxb5 axb5 14.b4 Nb7 15.bxc5 Nxc5
16.Nb4 Ng4 17.Qc2 Qa5 18.Bg5 Rac8 19.Qd2 Bxc3 20.Qxc3 Ne4 21.Qb2 Nxg5 22.h4 Bf5
23.Rbc1 Ne4 24.Nc6 Rxc6 25.dxc6 Nc5 26.Rfd1 Rc8 27.e4 Be6 28.Bf1 Qxa2 29.Qxa2 Bxa2
30.Bxb5 Ne5 31.f4 Nxc6 32.e5 Na7 33.exd6 exd6 34.Bf1 Ne6 35.Ra1 Rc2 36.Rxd6 Nc8
37.Rd7 Kf8 38.Rad1 Ne7 39.R1d2 Rxd2  1/2-1/2

[Event "ch-SUI"]
[Site "Graechen SUI"]
[Date "2009.07.12"]
[Round "4"]
[White "Illijin,N"]
[Black "Steenhuis,J"]
[Result "0-1"]
[WhiteElo "2246"]
[BlackElo "2007"]

1.Nf3 Nf6 2.c4 g6 3.g3 Bg7 4.Bg2 d6 5.d4 O-O 6.O-O c5 7.Nc3 Nc6 8.d5 Nb4
9.a3 Na6 10.Qc2 Bd7 11.h3 Nc7 12.e4 b5 13.cxb5 Nxb5 14.Nxb5 Bxb5 15.Re1 Rb8
16.Bd2 Qb6 17.Bc3 Qa6 18.Bf1 Bxf1 19.Rxf1 e6 20.dxe6 fxe6 21.Ng5 Qc4 22.Rac1 h6
23.Bxf6 Qxc2 24.Rxc2 Rxf6 25.e5 Rf5 26.Nxe6 Bxe5 27.Rd1 Rxb2 28.Rxb2 Bxb2
29.Rxd6 Bxa3 30.Nf4 g5 31.Nd5 c4 32.Rd7 a5 33.g4 Rxd5 34.Rxd5 c3 35.Rd8+ Kf7
36.Rc8 Bb2 37.f4 gxf4 38.Rc4 Ke6 39.Kf2 a4  0-1

[Event "ch-SUI"]
[Site "Graechen SUI"]
[Date "2009.07.13"]
[Round "5"]
[White "Carron,J"]
[Black "Gaehler,M"]
[Result "1-0"]
[WhiteElo "2416"]
[BlackElo "2247"]

1.d4 g6 2.g3 Bg7 3.Bg2 Nf6 4.c4 O-O 5.Nf3 d6 6.O-O Bg4 7.Nc3 a5 8.Bg5 Qd7
9.Qd2 Re8 10.Bh6 Bh8 11.Ng5 Qc8 12.h3 Bd7 13.f4 Nc6 14.e3 Nd8 15.Kh2 e5 16.fxe5 dxe5
17.d5 Nh5 18.Qf2 Ra6 19.g4 Nf6 20.Qh4 Bxg4 21.Rxf6 Bxf6 22.hxg4 e4 23.Ncxe4 Bxb2
24.Rf1 f5 25.Nc5 Rf6 26.Bg7 h5 27.Bxf6 Bxf6 28.gxf5 Rxe3 29.fxg6  1-0

[Event "Open"]
[Site "Condom FRA"]
[Date "2009.07.14"]
[Round "5"]
[White "David,Vi"]
[Black "Marie,A"]
[Result "1-0"]
[WhiteElo "2399"]
[BlackElo "2056"]

1.d4 Nf6 2.c4 g6 3.Nf3 Bg7 4.g3 O-O 5.Bg2 d6 6.O-O Nc6 7.d5 Na5 8.Nfd2 c5
9.Nc3 a6 10.Rb1 Rb8 11.b3 b5 12.Bb2 bxc4 13.bxc4 Bh6 14.Ba1 Bf5 15.e4 Bg4
16.Qc2 Bxd2 17.Qxd2 Nxc4 18.Qh6 Qa5 19.h3 Bd7 20.Rfe1 Rb4 21.Bf1 Na3 22.Rbc1 Nb5
23.e5 dxe5 24.Nxb5 Bxb5 25.Rxe5 Qd8 26.Bg2 Bd3 27.Qe3 c4 28.Qe1 Qb6  1-0

[Event "Corporation Centre Cup"]
[Site "Izhevsk RUS"]
[Date "2009.07.16"]
[Round "2"]
[White "Shinkevich,V"]
[Black "Averin,S"]
[Result "1-0"]
[WhiteElo "2518"]
[BlackElo "2025"]

1.d4 Nf6 2.c4 g6 3.Nf3 Bg7 4.g3 d6 5.Bg2 O-O 6.O-O Nc6 7.Nc3 e5 8.dxe5 Nxe5
9.Nxe5 dxe5 10.Qxd8 Rxd8 11.Bg5 Re8 12.Nb5 Re7 13.Rfd1 Be6 14.Bxb7 Rb8 15.Bg2 a6
16.Na7 Ree8 17.b3 h6 18.Be3 Ng4 19.Bc5 e4 20.Nc6 Bxa1 21.Nxb8 Rxb8 22.Rxa1 f5
23.f3 exf3 24.exf3 Nf6 25.h4 Kf7 26.Be3 h5 27.Bf4 Rb7 28.Rd1 Nd7 29.g4 a5
30.Be3 Rb8 31.gxh5 gxh5 32.Bf4 Rb7 33.Bf1 c5 34.Bd3 a4 35.Bc2 axb3 36.axb3 Ra7
37.Kf2 Ra2 38.Rd2 Ra1 39.Bd1 Ra6 40.Ke3 Ra3 41.Kf2 Ra6 42.Bd6 Ra1 43.Ke3 Ra6
44.Kf4 Kf6 45.Bc7 Ra8 46.Bc2 Rc8 47.Be5+ Ke7 48.Rg2 Ra8 49.Bc3 Ra2 50.Kg5 Ra8
51.Kh6 Bf7 52.Bxf5 Nf8 53.Re2+ Ne6 54.f4 Kd6 55.Be5+ Ke7 56.Bg6 Bxg6 57.Kxg6 Rg8+
58.Kf5 Kf7 59.Ra2 Re8 60.Ra7+ Kf8 61.Rh7 Nd4+ 62.Bxd4  1-0

[Event "Open"]
[Site "Rethymno GRE"]
[Date "2009.07.17"]
[Round "7"]
[White "Lipka,J"]
[Black "Drazic,S"]
[Result "1/2-1/2"]
[WhiteElo "2419"]
[BlackElo "2538"]

1.Nf3 d6 2.d4 Nf6 3.c4 g6 4.g3 Bg7 5.Bg2 O-O 6.Nc3 c5 7.dxc5 dxc5 8.Qxd8 Rxd8
9.Ne5 Nfd7 10.Nd3 Nc6 11.Bxc6 Bxc3+ 12.bxc3 bxc6 13.Be3 Ba6 14.Nxc5 Nxc5
15.Bxc5 Bxc4 16.O-O e5 17.Rfd1 a5 18.Rd6 Rxd6 19.Bxd6 f6 20.Kf1 Kf7 21.a4 Ra7
22.Rd1 Rd7 23.Ke1 Bb3 24.Rd2 Bxa4 25.Bc5 Rb7 26.Ra2 Rb1+ 27.Kd2 Bb5 28.Rxa5 Rb2+
29.Kd1 f5 30.Ba3 Rb1+ 31.Bc1 Bxe2+ 32.Kxe2 Rxc1 33.Rc5 Ke6 34.Rxc6+ Kd5 35.Rc7 Rc2+
36.Ke3 h5 37.h4 Kd6 38.Rc8 Kd7 39.Rc5 Kd6  1/2-1/2

[Event "TCh Eur-Youth U18"]
[Site "Pardubice CZE"]
[Date "2009.07.18"]
[Round "3"]
[White "Martinovic,Sa"]
[Black "Huschenbeth,N"]
[Result "1/2-1/2"]
[WhiteElo "2525"]
[BlackElo "2416"]

1.d4 Nf6 2.c4 g6 3.Nf3 Bg7 4.g3 d6 5.Bg2 O-O 6.O-O Nc6 7.Nc3 a6 8.d5 Na5
9.Nd2 c5 10.Qc2 Rb8 11.b3 b5 12.Rb1 e5 13.cxb5 axb5 14.b4 cxb4 15.Rxb4 Bd7
16.Ba3 Ne8 17.Rfb1 Nc7 18.R4b2 Rb6 19.Rc1 Na6 20.Rcb1 Qb8 21.Bb4 Nb7 22.e4 Rc8
23.Bf1 Bh6 24.a3 Nbc5 25.Ba5 Na4 26.Qxa4 bxa4 27.Rxb6 Bxd2 28.Bxa6 Qa7 29.Bxc8 Bxc8
30.Rb8 Qd7 31.R1b6 Kg7 32.Rc6 Bxc3 33.Bxc3 Bb7 34.Rb6 Bc8 35.Bb4 Qg4 36.Bxd6 f6
37.Rb1 Qxe4 38.Rc1 Qxd5 39.Rc7+ Kh6 40.Bf8+ Kg5 41.Rbxc8 Qd1+ 42.Kg2 Qd5+
43.f3 Qd2+ 44.Kh3 Qe2 45.Rc1 Qxf3 46.R8c3 Qe2 47.Bc5 h5 48.Re3 Qb2 49.Rce1 Kh6
50.R1e2 Qb7 51.Bf8+ Kh7 52.Bb4 g5 53.g4 Qd7 54.Re4 hxg4+ 55.Kg3 Kg6 56.Rd2 Qb5
57.Rde2 Qd3+ 58.R4e3 Qd4 59.Kg2 Kh5 60.Re1  1/2-1/2

[Event "TCh Eur-Youth U18"]
[Site "Pardubice CZE"]
[Date "2009.07.19"]
[Round "4"]
[White "Anton,T"]
[Black "Savitskiy,S"]
[Result "1-0"]
[WhiteElo "2379"]
[BlackElo "2191"]

1.d4 Nf6 2.c4 g6 3.Nf3 Bg7 4.g3 O-O 5.Bg2 d6 6.O-O Nc6 7.Nc3 Bf5 8.Ne1 Na5
9.e4 Bg4 10.Qd3 c5 11.d5 a6 12.b3 Rb8 13.Rb1 Qc7 14.Bd2 Bd7 15.a4 Rfc8 16.Nc2 e6
17.Ne3 Ne8 18.h4 e5 19.f4 exf4 20.gxf4 Qd8 21.h5 b6 22.hxg6 hxg6 23.e5 dxe5
24.f5 f6 25.fxg6 Nd6 26.Ne4 Nab7 27.Ng3 Qe8 28.Nef5 e4 29.Bxe4 Nxe4 30.Qxe4 Qxe4
31.Nxe4 Re8 32.Nh6+ Bxh6 33.Nxf6+ Kg7 34.Bxh6+ Kxh6 35.Nxd7 Rbd8 36.Nf6 Re2
37.Rf3 Kxg6 38.Rbf1 Re5 39.Rg3+ Rg5 40.Rxg5+ Kxg5 41.Ne4+ Kg4 42.Rf6 Re8
43.Re6 Rh8 44.Rxb6 Nd8 45.Nxc5 Nf7 46.Rg6+ Kh3 47.Ne6 a5 48.Rg7  1-0

[Event "MTO"]
[Site "Biel SUI"]
[Date "2009.07.20"]
[Round "1"]
[White "Grachev,B"]
[Black "Kappeler,K"]
[Result "1-0"]
[WhiteElo "2669"]
[BlackElo "2175"]

1.d4 Nf6 2.Nf3 d6 3.g3 g6 4.Bg2 Bg7 5.c4 O-O 6.Nc3 Nc6 7.O-O a6 8.b3 Rb8
9.Nd5 e6 10.Nxf6+ Bxf6 11.Bh6 Re8 12.e4 b5 13.Rc1 Bd7 14.c5 e5 15.d5 Ne7
16.Qd2 dxc5 17.Rxc5 c6 18.dxc6 Nxc6 19.Rd5 Rb7 20.Rc1 Nb8 21.Rdc5 Bc6 22.Qc2 Be7
23.Rc3 f6 24.h4 b4 25.Rd3 Rd7 26.Rcd1 Rxd3 27.Rxd3 Qc8 28.Qb2 Nd7 29.Rd1 Nc5
30.Rc1 Qb8 31.Qe2 Rd8 32.Be3 Nxe4 33.Qxa6 Rd6 34.Rxc6 Nc3 35.Bf1  1-0

[Event "61st ch-MNE"]
[Site "Cetinje MNE"]
[Date "2009.07.20"]
[Round "10"]
[White "Drasko,M"]
[Black "Djukic,Ni"]
[Result "1/2-1/2"]
[WhiteElo "2527"]
[BlackElo "2491"]

1.d4 Nf6 2.c4 g6 3.Nf3 Bg7 4.g3 O-O 5.Bg2 d6 6.O-O Nc6 7.Nc3 a6 8.Bd2 Rb8
9.d5 Na5 10.b3 c5 11.dxc6 Nxc6 12.Rc1 Bf5 13.Nd5 Be4 14.Nc3 Bf5 15.Nd5 Be4  1/2-1/2

[Event "2nd Open"]
[Site "Paleohora GRE"]
[Date "2009.07.21"]
[Round "1"]
[White "Rychagov,A"]
[Black "Drakakis,G"]
[Result "1-0"]
[WhiteElo "2534"]
[BlackElo "1784"]

1.d4 Nf6 2.Nf3 g6 3.c4 Bg7 4.g3 O-O 5.Bg2 d6 6.O-O Nbd7 7.Qc2 c5 8.Rd1 Rb8
9.Nc3 a6 10.a4 Qc7 11.d5 Nb6 12.Nd2 Ng4 13.h3 Ne5 14.b3 e6 15.Bb2 exd5 16.a5 Nbd7
17.Nxd5 Qd8 18.Ne4 Nc6 19.Bxg7 Kxg7 20.Nxd6 f6 21.e3 Nxa5 22.Nf4 Re8  1-0

[Event "TCh Eur-Youth U18"]
[Site "Pardubice CZE"]
[Date "2009.07.21"]
[Round "6"]
[White "Anton,T"]
[Black "Jorczik,J"]
[Result "1/2-1/2"]
[WhiteElo "2379"]
[BlackElo "2352"]

1.d4 Nf6 2.c4 g6 3.Nf3 Bg7 4.g3 O-O 5.Bg2 d6 6.O-O c6 7.Nc3 Qb6 8.e4 Bg4
9.Rb1 c5 10.Be3 Nfd7 11.dxc5 dxc5 12.Nd5 Qd8 13.Qb3 b6 14.Nd2 Nc6 15.f3 Be6
16.Qa4 Ndb8 17.f4 Bd7 18.Qd1 Nd4 19.e5 Nbc6 20.Ne4 f6 21.exf6 exf6 22.Bf2 Kh8
23.Re1 Be6 24.b4 Qd7 25.bxc5 Bg4 26.Qd3 f5 27.Nec3 bxc5 28.h3 Bh5 29.Nb5 Rae8
30.Nxd4 Nxd4 31.Bxd4 Bxd4+ 32.Kh2 Qa4 33.Nc7 Rxe1 34.Rxe1 Qxa2 35.Ne6 Re8
36.Nxd4 Rxe1 37.Nc2 Rd1 38.Qc3+ Kg8 39.Qe5 Qxc2  1/2-1/2

[Event "Corporation Centre Cup"]
[Site "Izhevsk RUS"]
[Date "2009.07.22"]
[Round "8"]
[White "Kozionov,S"]
[Black "Verdnikov,V"]
[Result "1-0"]
[WhiteElo "2021"]
[BlackElo "2191"]

1.d4 Nf6 2.c4 g6 3.g3 Bg7 4.Bg2 d6 5.Nf3 O-O 6.O-O Nbd7 7.Nc3 e5 8.e4 c6
9.h3 Re8 10.Re1 a5 11.Be3 exd4 12.Nxd4 Nc5 13.Qc2 a4 14.Rad1 Qa5 15.Bf4 Bf8
16.Bd2 Qb6 17.Be3 Bg7 18.f4 h5 19.Kh2 h4 20.gxh4 Qc7 21.Nde2 Qe7 22.Bxc5 dxc5
23.Ng3 Bh6 24.Rf1 Nd7 25.h5 Qh4 26.hxg6 fxg6 27.e5 Kg7 28.Qf2 Kh8 29.Nge4 Qe7
30.Nd6 Rf8 31.Qg3 Rg8 32.Be4 Nf8 33.Rg1 Ne6 34.Nf5 Qh7 35.Nxh6 Qxh6 36.f5 Nf4
37.Rdf1 Nh5 38.Qg5 Qxg5 39.Rxg5 Ng7 40.Rxg6  1-0

[Event "TCh Eur-Youth U18"]
[Site "Pardubice CZE"]
[Date "2009.07.22"]
[Round "7"]
[White "Anton,T"]
[Black "Csiba,D"]
[Result "1/2-1/2"]
[WhiteElo "2379"]
[BlackElo "2401"]

1.d4 Nf6 2.c4 g6 3.Nf3 Bg7 4.g3 O-O 5.Bg2 d6 6.O-O Nc6 7.Nc3 a6 8.h3 Bd7
9.e4 e5 10.Be3 exd4 11.Nxd4 Re8 12.Rc1 Nxd4 13.Bxd4 c5 14.Be3 Bc6 15.Qd3 Qe7
16.f3 b5 17.Rfd1 b4 18.Ne2 Red8 19.Qd2 Ne8 20.Bg5 Bf6 21.Bxf6 Qxf6 22.Nf4 Nc7
23.Kh2 Ne6 24.Nxe6 Qxe6 25.Re1 Qe7 26.Re3 a5 27.Rd3 Bb7 28.h4 a4 29.Bf1 Ra6
30.Qf4 f6 31.Rcd1 Qe5 32.Qd2 f5 33.exf5 Qxf5 34.Bh3 Qf6 35.Re1 Bc8 36.Bxc8 Rxc8
37.Rde3 Ra7 38.Qd5+ Rf7 39.R1e2 Qd4 40.Qe6 Rd8 41.f4 Kg7 42.Re4 Qd3 43.R4e3 Qd4
44.Re4 Qd1 45.Qg4 Qd3 46.h5 Rdf8 47.Re6 Rf6 48.Rxf6 Rxf6 49.Re7+ Rf7 50.Qe6 Qc2+
51.Kg1 Qd1+ 52.Kg2 Qc2+ 53.Kg1 Qd1+  1/2-1/2